BEDSIDE CLINICS IN MEDICINE PART 1 / (Record no. 794742)

MARC details
000 -LEADER
fixed length control field 00477pam a2200181 a 4500
020 ## - INTERNATIONAL STANDARD BOOK NUMBER
Terms of availability 300.00 (PB)
041 ## - LANGUAGE CODE
Language code of text/sound track or separate title eng
Language code of original NULL
082 ## - DEWEY DECIMAL CLASSIFICATION NUMBER
Classification number 616
Item number KUN
100 ## - MAIN ENTRY--PERSONAL NAME
Personal name KUNDU, K .
245 ## - TITLE STATEMENT
Title BEDSIDE CLINICS IN MEDICINE PART 1 /
Statement of responsibility, etc. NULL.
Medium Textual Documents
260 ## - PUBLICATION, DISTRIBUTION, ETC.
Place of publication, distribution, etc. NULL :
Name of publisher, distributor, etc. ACADEMIC PUB. ,
Date of publication, distribution, etc. 2004.
300 ## - PHYSICAL DESCRIPTION
Extent 467 ;
Dimensions A4.
365 ## - TRADE PRICE
Price type code 300.00
Price note 5
650 ## - SUBJECT ADDED ENTRY--TOPICAL TERM
Topical term or geographic name entry element GEN.MEDICINE
907 ## - LOCAL DATA ELEMENT G, LDG (RLIN)
a 1045 (A)
-- 1045
-- 1046
-- 1047
-- 1048
930 ## - EQUIVALENCE OR CROSS-REFERENCE-UNIFORM TITLE HEADING [LOCAL, CANADA]
Uniform title 206
Holdings
Withdrawn status Lost status Damaged status Not for loan Home library Current library Date acquired Source of acquisition Cost, normal purchase price Total Checkouts Full call number Barcode Date due Date last seen Date last checked out Copy number Price effective from Koha item type
        Medical College & Hospital, Sangli Medical College & Hospital, Sangli 28/11/2011 300.00 1 616 KUN MCS-1048 01/10/2043 06/10/2023 06/10/2023 6 26/07/2023 Book
        Medical College & Hospital, Sangli Medical College & Hospital, Sangli 28/11/2011 300.00   616 KUN MCS-1047   26/07/2023   5 26/07/2023 Book
        Medical College & Hospital, Sangli Medical College & Hospital, Sangli 28/11/2011 300.00   616 KUN MCS-1046   26/07/2023   4 26/07/2023 Book
        Medical College & Hospital, Sangli Medical College & Hospital, Sangli 28/11/2011 300.00   616 KUN MCS-1045 (A)   26/07/2023   2 26/07/2023 Book
        Medical College & Hospital, Sangli Medical College & Hospital, Sangli 28/11/2011 300.00   616 KUN MCS-1045   26/07/2023   3 26/07/2023 Book
        Medical College & Hospital, Sangli Medical College & Hospital, Sangli 28/11/2011 300.00 2 616 KUN MCS-1044   02/03/2024 24/02/2024 1 26/07/2023 Book